Κατάλογος Βιβλιοθηκών Mediterranean College

Managing Human Resources / Fourth Edition (Record no. 924)

MARC details
000 -LEADER
fixed length control field 02047cam a22002174a 4500
005 - ΗΜΕΡΟΜΗΝΙΑ ΚΑΙ ΩΡΑ ΤΕΛΕΥΤΑΙΑΣ ΕΝΗΜΕΡΩΣΗΣ
Πεδίο ελέγχου 20250605163950.0
008 - FIXED-LENGTH DATA ELEMENTS--GENERAL INFORMATION
Πεδίο ελέγχου σταθερού μήκους 250528s ||||||||||||||||||||||||d
035 ## - SYSTEM CONTROL NUMBER
System control number 15334
020 ## - ISBN
ISBN 314890262
040 ## - ΠΗΓΗ ΚΑΤΑΛΟΓΟΓΡΑΦΗΣΗΣ
Φορέας πρωτότυπης καταλογογράφησης MC Athens Campus Library
Γλώσσα καταλογογράφησης Ελληνικά, Μοντέρνα (1453-)
Modifying agency MC Athens Campus Library
Κανόνες περιγραφικής καταλογογράφησης AACR2
245 1# - ΤΙΤΛΟΣ ΚΑΙ ΔΗΛΩΣΗ ΥΠΕΥΘΥΝΟΤΗΤΑΣ
Τίτλος Managing Human Resources / Fourth Edition
250 ## - EDITION STATEMENT
Edition statement 4th
260 ## - PUBLICATION, DISTRIBUTION, ETC.
Name of publisher, distributor, etc. West Publishing Company,
Date of publication, distribution, etc. 1992
300 ## - PHYSICAL DESCRIPTION
Extent 634
505 0# - FORMATTED CONTENTS NOTE
Formatted contents note Preface, Introduction to Managing Human Resources, Managing Human Resources, Understanding the Environment, Legal Considerations, Internal and External Environments, Human Resource Planning, Human Resource Planning and Job Analysis, Staffing, Recruitment, Selection and Placement, Appraising, Performance Appraisal: Gathering the Information, Utilizing Performance Appraisal Information: Improving Employee Performance, Compensating, Total Compensation, Performance-Based Pay, Indirect Compensation, Training and Career Development, Training and Developing, Improving the Work Environment, Organizational Improvement, Occupational Safety and Health, Effective Working Relationships, Employee Rights, Unionzation and Collective Bargaining, Appendices, Glossary, Index.
520 ## - SUMMARY, ETC.
Summary, etc. Preface, Introduction to Managing Human Resources, Managing Human Resources, Understanding the Environment, Legal Considerations, Internal and External Environments, Human Resource Planning, Human Resource Planning and Job Analysis, Staffing, Recruitment, Selection and Placement, Appraising, Performance Appraisal: Gathering the Information, Utilizing Performance Appraisal Information: Improving Employee Performance, Compensating, Total Compensation, Performance-Based Pay, Indirect Compensation, Training and Career Development, Training and Developing, Improving the Work Environment, Organizational Improvement, Occupational Safety and Health, Effective Working Relationships, Employee Rights, Unionzation and Collective Bargaining, Appendices, Glossary, Index.
700 1# - ΠΡΟΣΘΕΤΗ ΑΝΑΓΡΑΦΗ--ΦΥΣΙΚΟ ΠΡΟΣΩΠΟ
Personal name Schuler S. Randall
9 (RLIN) 1235
942 ## - ADDED ENTRY ELEMENTS (KOHA)
Koha item type Books
Holdings
Τύπος τεκμηρίου Βιβλιοθήκη Τρέχουσα τοποθεσία Barcode Αριθμός εισαγωγής Ημερομηνία απόκτησης Ταξιθετικό σύμβολο Αριθμός αντιτύπου Κατάσταση απόσυρσης Κατάσταση χαμένου Κατάσταση κατεστραμμένου Μη δανεισμός Σύνολο δανεισμών Ημερομηνία τελευταίας εμφάνισης Η τιμή ισχύει από
Books MC Athens Campus Library MC Athens Campus Library 9780000009234 1582 05/06/2025 658.3 SCH 1           05/06/2025 05/06/2025

MC Athens Campus Library
Πατησίων 94 & Κοδριγκτώνος 13, 104 34
Πελλήνης 8 & Πατησίων 107, 112 51
Τ: +30 210 8899600

MC Thessaloniki Campus Library
Ίωνος Δραγούμη 21, 54625 | Ίωνος Δραγούμη 15, 54625
Τ: +30 2310 287779 – Τ: +30 2314 440300